[Event "P&V Cup"]
[Site "Tjalfe"]
[Date "1995.??.??"]
[Round "?"]
[White "Ahlander, Bjorn"]
[Black "Borge, Nikolaj"]
[Result "0-1"]
[WhiteElo "2400"]
[BlackElo "2405"]

1.d4 Nf6 2.c4 g6 3.Nc3 Bg7 4.e4 d6 5.Be2 O-O 6.Nf3 e5 7.O-O Nc6 8.d5 Ne7
9.Nd2 a5 10.Rb1 Bd7 11.b3 Nc8 12.a3 Nb6 13.a4 Bh6 14.Bf3 Ne8 15.Bg4 f5 16.exf5 gxf5
17.Bh3 Nc8 18.Qh5 Bg5 19.Nf3 Bxc1 20.Rbxc1 Nf6 21.Qh6 Ne7 22.Ng5 Qe8 23.Nb5 Rc8
24.Rc3 Qh5 25.Qxh5 Nxh5 26.g3 h6 27.Ne6 Bxe6 28.dxe6 Ng7 29.f4 e4 30.g4 Nxe6
31.Rg3 Kh7 32.Bg2 Nc5 33.Rd1 fxg4 34.Rxg4 Nf5 35.Re1 c6 36.Nc3 e3 37.Ne2 Rce8
38.Rb1 Nd3 39.Bh1 Nf2 40.Rg2 d5 41.cxd5 Nh3+ 42.Kf1 cxd5 43.Rd1 Rd8 44.Ke1 d4
45.Nc1 Nf2 46.Rxf2 exf2+ 47.Kxf2 Ne3 48.Rd3 Rxf4+ 49.Kg3 Rg4+ 50.Kh3 Rdg8  0-1

[Event "American op"]
[Site "USA"]
[Date "1995.??.??"]
[Round "3"]
[White "Donaldson, John W"]
[Black "Lee, Dan"]
[Result "1-0"]
[WhiteElo "2420"]
[BlackElo "2250"]

1.Nf3 Nf6 2.c4 g6 3.Nc3 Bg7 4.e4 d6 5.d4 O-O 6.Be2 e5 7.O-O Nc6 8.d5 Ne7
9.b4 Nh5 10.g3 f5 11.Ng5 Nf6 12.f3 c6 13.Be3 f4 14.Bf2 fxg3 15.hxg3 cxd5
16.cxd5 Ne8 17.Qb3 Kh8 18.Ne6 Bxe6 19.dxe6 Nc7 20.b5 d5 21.exd5 Ncxd5 22.Rad1 Nxc3
23.Qxc3 Qe8 24.Rd7 Nf5 25.Qb3 Rc8 26.Bd3 Rf6 27.Rxb7 Rxe6 28.Bxa7 e4 29.Bxe4 Nd4
30.Qd3 Rc3 31.Qxd4 Bxd4+ 32.Bxd4+ Kg8 33.Bxc3  1-0

[Event "American op"]
[Site "USA"]
[Date "1995.??.??"]
[Round "5"]
[White "Sandager, Stephen"]
[Black "Booth, Stephen A"]
[Result "0-1"]
[WhiteElo "2230"]
[BlackElo "2290"]

1.d4 Nf6 2.c4 g6 3.Nc3 Bg7 4.e4 d6 5.Be2 O-O 6.Nf3 e5 7.O-O Nc6 8.d5 Ne7
9.Ne1 Nd7 10.Bd2 f5 11.Nd3 Nf6 12.f3 Kh8 13.c5 Neg8 14.Rc1 Nh6 15.cxd6 cxd6
16.Nf2 Nh5 17.Nb5 Nf4 18.Nc7 Rb8 19.g3 Nxe2+ 20.Qxe2 Bd7 21.Bb4 Rf6 22.Rc2 Nf7
23.h4 Qe7 24.g4 fxg4 25.fxg4 Rf4 26.Ne6 Qxh4 27.Nxf4 exf4 28.Qf3 Rf8 29.Qg2 Kg8
30.Bc3 Ne5 31.Qh3 Qg5 32.Bxe5 Bxe5 33.Rc7 Rf7 34.Rfc1 Bd4 35.Kf1 f3 36.Qg3 Be5
37.Qg1 Bb5+  0-1

[Event "Velden op"]
[Site "Velden"]
[Date "1995.??.??"]
[Round "6"]
[White "Sulava, Nenad"]
[Black "Starc, Christian"]
[Result "1-0"]
[WhiteElo "2390"]
[BlackElo "2155"]

1.d4 Nf6 2.c4 g6 3.Nc3 Bg7 4.e4 O-O 5.Nf3 d6 6.Be2 e5 7.O-O Nc6 8.d5 Ne7
9.Ne1 Nd7 10.Be3 f5 11.f3 f4 12.Bf2 h5 13.a4 Rf7 14.a5 g5 15.Kh1 Bf8 16.c5 Nf6
17.cxd6 cxd6 18.Nb5 g4 19.Nxa7 Rxa7 20.Bxa7 Ng6 21.Bb5 g3 22.Bb6 Qe7 23.Rc1 Bg4
24.Rc7 Nd7 25.fxg4  1-0

[Event "Vienna op"]
[Site "Vienna"]
[Date "1995.??.??"]
[Round "2"]
[White "Wei, Ch"]
[Black "Stanec, Nikolaus"]
[Result "0-1"]
[WhiteElo "2265"]
[BlackElo "2480"]

1.Nf3 Nf6 2.d4 g6 3.c4 Bg7 4.Nc3 d6 5.e4 O-O 6.Be2 e5 7.O-O Nc6 8.d5 Ne7
9.Ne1 Nd7 10.Nd3 f5 11.Bd2 Kh8 12.b4 Nf6 13.f3 c6 14.Qb3 f4 15.g4 fxg3 16.hxg3 Nh5
17.Kg2 cxd5 18.cxd5 Ng8 19.Rac1 Bh6 20.Qb2 Bxd2 21.Qxd2 Ngf6 22.Rh1 a5 23.b5 g5
24.Rh2 Rg8 25.Rch1 Qe8 26.Nf2 Bd7 27.Ncd1 Qg6 28.Ne3 Raf8 29.Nf5 Bxf5 30.exf5 Qf7
31.a4 Rc8 32.Bd1 b6 33.Rh3 Rc4 34.Bb3 Rc5 35.Rc1 Rxc1 36.Qxc1 g4 37.fxg4 Nxg4
38.Nxg4 Rxg4 39.Rxh5 Qxh5 40.Bd1 Qg5  0-1

[Event "Vienna op"]
[Site "Vienna"]
[Date "1995.??.??"]
[Round "5"]
[White "Sakaev, Konstantin"]
[Black "Grabics, Monika"]
[Result "1-0"]
[WhiteElo "2570"]
[BlackElo "2260"]

1.d4 Nf6 2.c4 g6 3.Nc3 Bg7 4.e4 d6 5.Nf3 O-O 6.Be2 e5 7.O-O Nc6 8.d5 Ne7
9.Nd2 a5 10.Rb1 Nd7 11.a3 f5 12.b4 Kh8 13.f3 Ng8 14.Qc2 Ndf6 15.c5 axb4 16.axb4 Nh5
17.Nc4 f4 18.Rd1 Ng3 19.Bd3 g5 20.Qf2 g4 21.hxg3 fxg3 22.Qxg3 Bf6 23.Qh2 Bg5
24.fxg4 Bxg4 25.Bxg5 Qxg5 26.Rf1 Nf6 27.Nb5 Nh5 28.Nxc7 Rxf1+ 29.Bxf1 Ra2
30.cxd6 Nf4 31.Ne6 Bxe6 32.dxe6 b5 33.e7 Qg6 34.d7  1-0

[Event "CUB-ch sf"]
[Site "Villa Clara"]
[Date "1995.??.??"]
[Round "7"]
[White "Ibanez, Dagoberto"]
[Black "Medina, Miguel"]
[Result "1-0"]
[WhiteElo "2290"]
[BlackElo "2390"]

1.c4 g6 2.Nc3 Bg7 3.Nf3 Nf6 4.e4 d6 5.d4 O-O 6.Be2 e5 7.O-O Nc6 8.Be3 Ng4
9.Bg5 f6 10.Bc1 Nh6 11.dxe5 dxe5 12.Nd5 Nf7 13.Be3 f5 14.Bc5 Re8 15.Nd2 Nd4
16.f3 c6 17.Nc3 b6 18.Ba3 Bh6 19.Nb3 Be3+ 20.Kh1 f4 21.Bd3 Be6 22.Ne2 a5
23.Nbxd4 exd4 24.b3 c5 25.Bc1 Bxc1 26.Qxc1 g5 27.Qd2 Ne5 28.Rad1 Rf8 29.Nc1 Kh8
30.Be2 Qd6 31.Nd3 Rf6 32.Qe1 Rh6 33.Kg1 Rf8 34.Rf2 Nd7 35.h3 Qc7 36.Bf1 Nf6
37.Qd2 Nh5 38.Rc1 Ng3 39.Re1 Rh4 40.Nc1 Rf6 41.Ne2 g4 42.e5 Rf8 43.fxg4 Ne4
44.Nxf4 Nxd2 45.Nxe6 Qf7 46.Nxf8 Qe7 47.Bd3 Rh6 48.Ree2 a4 49.Rxd2 Qxe5 50.Rde2 Qd6
51.Re8 Kg7 52.g5 Rxh3 53.Ne6+  1-0

[Event "LTU-ch"]
[Site "Vilnius"]
[Date "1995.??.??"]
[Round "4"]
[White "Grabliauskas, Virginijus"]
[Black "Zukauskas, Kestutis"]
[Result "1-0"]
[WhiteElo "2410"]
[BlackElo "2290"]

1.d4 Nf6 2.c4 g6 3.Nc3 Bg7 4.e4 d6 5.Nf3 O-O 6.Be2 e5 7.O-O Nc6 8.d5 Ne7
9.b4 Nh5 10.Nd2 Nf4 11.a4 f5 12.Bf3 g5 13.exf5 Nxf5 14.g3 Nh3+ 15.Kg2 Qd7
16.Be4 Nd4 17.f3 Rf6 18.Nb3 Rh6 19.Ra2 Nxb3 20.Qxb3 Qf7 21.c5 Rf6 22.Qc4 h5
23.a5 h4 24.g4 Nf4+ 25.Bxf4 exf4 26.Nb5 a6 27.Nd4 Bd7 28.Re1 h3+ 29.Kxh3 Rh6+
30.Kg2 Re8 31.Rc2 Ba4 32.Rce2 Qf6 33.Rd2 Qf7 34.Ne6 Bf6 35.Bf5  1-0

[Event "LTU-ch"]
[Site "Vilnius"]
[Date "1995.??.??"]
[Round "6"]
[White "Ruzele, Darius"]
[Black "Piesina, Gintautas"]
[Result "1-0"]
[WhiteElo "2500"]
[BlackElo "2400"]

1.d4 Nf6 2.c4 g6 3.Nc3 Bg7 4.e4 d6 5.Be2 O-O 6.Nf3 e5 7.O-O Nc6 8.d5 Ne7
9.Ne1 Nd7 10.Be3 f5 11.f3 f4 12.Bf2 g5 13.a4 a5 14.Nb5 b6 15.Nd3 Nc5 16.Be1 h5
17.h3 Rf7 18.Ra3 Nxd3 19.Rxd3 Bf8 20.b4 axb4 21.Bxb4 Ng6 22.a5 bxa5 23.Ra3 Rg7
24.Rxa5 Rxa5 25.Bxa5 g4 26.hxg4 hxg4 27.fxg4 Nh4 28.Be1 Rh7 29.Rf2 Ng6 30.Rf3 Bxg4
31.Ra3 Bxe2 32.Qxe2 Qg5 33.Qf3 Nh4 34.Qh3 f3 35.Qg3 Qxg3 36.Bxg3 fxg2 37.Rc3 Ng6
38.Kxg2 Nf4+ 39.Bxf4 exf4 40.Ra3 Bg7 41.Ra8+ Kf7 42.Ra7 Kg6 43.Rxc7 Rh5 44.Rc6 Rg5+
45.Kf2 Kh5 46.Nxd6 Bd4+ 47.Kf3 Be5 48.Nf5 Rg1 49.Re6 Bc7 50.Re7  1-0

[Event "LTU-ch"]
[Site "Vilnius"]
[Date "1995.??.??"]
[Round "7"]
[White "Piesina, Gintautas"]
[Black "Lapienis, Donatas"]
[Result "1-0"]
[WhiteElo "2400"]
[BlackElo "2345"]

1.d4 Nf6 2.c4 g6 3.Nc3 Bg7 4.e4 d6 5.Be2 O-O 6.Nf3 e5 7.O-O Nc6 8.d5 Ne7
9.Ne1 Nd7 10.Nd3 f5 11.Bd2 Nf6 12.f3 Kh8 13.Rc1 c5 14.Rb1 a5 15.a3 fxe4 16.fxe4 a4
17.Nf2 Bd7 18.g4 h6 19.h4 Neg8 20.g5 Nh7 21.Qc1 Qe7 22.Nd3 Rxf1+ 23.Kxf1 Rf8+
24.Kg2 Rf7 25.Qh1 Bf8 26.Qh2 Qd8 27.Rg1 hxg5 28.hxg5 Be7 29.Kh1 Kg7 30.Qg3 Kf8
31.Rg2 Ke8 32.Kg1 Kf8 33.Bd1 Qe8 34.Bg4 Bd8 35.Bxd7 Qxd7 36.Nb5 Ne7 37.Nc3 Nc8
38.Ne1 Nb6 39.Qd3 Be7 40.Nd1 Nc8 41.Nf3 Qd8 42.Nf2 Qb6 43.Nh4 Rg7 44.Qh3 Qd8
45.Nxg6+ Rxg6 46.Qxh7 Rg7 47.Qf5+ Ke8 48.g6 Qd7 49.Bh6  1-0

[Event "Vinkovci"]
[Site "Vinkovci"]
[Date "1995.??.??"]
[Round "?"]
[White "Ftacnik, Lubomir"]
[Black "Stevic, Hrvoje"]
[Result "1-0"]
[WhiteElo "2605"]
[BlackElo "2300"]

1.d4 Nf6 2.Nf3 g6 3.c4 Bg7 4.Nc3 d6 5.e4 O-O 6.Be2 e5 7.O-O Nc6 8.d5 Ne7
9.Nd2 a5 10.a3 Nd7 11.Rb1 f5 12.b4 Kh8 13.Qc2 Ng8 14.exf5 gxf5 15.f4 exf4
16.Nf3 Ne5 17.Bxf4 axb4 18.axb4 Nh6 19.Rbd1 Nxf3+ 20.Bxf3 Ng4 21.Ne2 Bd7
22.b5 Qb8 23.Bxg4 fxg4 24.Be3 Rxf1+ 25.Rxf1 Qe8 26.Qd3 Ra2 27.Nc3 Ra3 28.Bd4 Be5
29.Qd2 Qh5 30.Bxe5+ Qxe5 31.Qh6 Qd4+ 32.Kh1 Qf2 33.Qc1 Qa7 34.Qb2 Kg8 35.Ne4 Ra2
36.Nf6+ Kh8 37.Ne8+  1-0

[Event "Vladivostok op"]
[Site "Vladivostok"]
[Date "1995.??.??"]
[Round "5"]
[White "Gagarin, Vasilij"]
[Black "Iskusnyh, Sergei"]
[Result "1-0"]
[WhiteElo "2440"]
[BlackElo "2425"]

1.d4 Nf6 2.Nf3 g6 3.c4 Bg7 4.Nc3 O-O 5.e4 d6 6.Be2 e5 7.O-O Nc6 8.d5 Ne7
9.Nd2 a5 10.b3 Ne8 11.Ba3 b6 12.b4 axb4 13.Bxb4 f5 14.a4 Kh8 15.Bf3 Nf6 16.a5 c5
17.dxc6 Nxc6 18.exf5 e4 19.Ncxe4 Nxb4 20.Nxf6 Rxa5 21.Rb1 Qxf6 22.Rxb4 Bxf5
23.Rxb6 Ra2 24.Nb1 Qh4 25.Qxd6 Bxb1 26.Rb8 Qh6 27.Rfxb1 Rc2 28.Rxf8+ Bxf8
29.Rb8 Rc1+ 30.Bd1 Kg8 31.Qd5+ Kg7 32.Qd4+ Kg8 33.g3 Qg7 34.Qd2 Qc3 35.Qd5+ Kg7
36.Qd7+ Kh6 37.Kg2 Qe1 38.Qh3+ Kg7 39.Rb7+ Be7 40.Qh4 Kf8 41.Qf4+  1-0

[Event "Vladivostok Zaitsev"]
[Site "Vladivostok"]
[Date "1995.??.??"]
[Round "9"]
[White "Tunik, Gennady"]
[Black "Fedorov, Vladislav"]
[Result "0-1"]
[WhiteElo "2515"]
[BlackElo "2445"]

1.d4 Nf6 2.c4 g6 3.Nc3 Bg7 4.e4 O-O 5.Nf3 d6 6.Be2 e5 7.O-O Nc6 8.d5 Ne7
9.b4 Nh5 10.Re1 h6 11.Nd2 Nf4 12.Bf1 f5 13.c5 fxe4 14.cxd6 cxd6 15.Ndxe4 Nf5
16.g3 Nh5 17.Ne2 Nf6 18.Bg2 Qb6 19.Qb3 Bd7 20.a4 Nxe4 21.Bxe4 Qxf2+ 22.Kxf2 Nd4+
23.Kg2 Nxb3 24.Ra3 Nxc1 25.Rxc1 g5 26.b5 Rac8 27.Rac3 Rxc3 28.Rxc3 Rc8 29.Rxc8+ Bxc8
30.Kf3 g4+ 31.Ke3 Bf6 32.Nc3 Bd8 33.Ke2 Ba5 34.Nd1 Kf7 35.Ne3 Kf6 36.Nc4 Bb4
37.Bd3 Bd7 38.Ne3 Bc5 39.Nc4 Bb4 40.Ne3 h5 41.Nd1 Bf5 42.Nf2 Bxd3+ 43.Kxd3 Kf5
44.Ne4 b6 45.Ke3 Ba3 46.Kd3 Bc5 47.Nd2 e4+ 48.Nxe4 Ke5 49.Ng5 Kxd5 50.h3 Ke5
51.hxg4 hxg4 52.Ne4 Bg1 53.Nd2 d5 54.Nf1 Kd6 55.Nd2 Kc5 56.Kc3 Bd4+ 57.Kb3 Be3
58.Nf1 Bg1 59.Kc3 d4+ 60.Kd3 Kb4 61.Nd2 Kxa4 62.Kc4 Bf2 63.Ne4 Be1 64.Nf6 d3
65.Nxg4 d2 66.Ne3 Bxg3 67.Nd1 Be5 68.Ne3 Bh8 69.Nd1 Bg7 70.Ne3 Ka3 71.Nd1 Bf6
72.Kd3 Kb4 73.Kxd2 Bd4 74.Kd3 Kc5  0-1

[Event "AUT-ch"]
[Site "Voitsberg"]
[Date "1995.??.??"]
[Round "12"]
[White "Schroll, Gerhard"]
[Black "Sinowjew, Juri"]
[Result "1-0"]
[WhiteElo "2380"]
[BlackElo "2320"]

1.d4 g6 2.c4 Bg7 3.Nc3 d6 4.e4 Nf6 5.Nf3 O-O 6.Be2 e5 7.O-O Nc6 8.d5 Ne7
9.Nd2 a5 10.a3 Bd7 11.Rb1 a4 12.b4 axb3 13.Nxb3 c5 14.dxc6 Bxc6 15.Qd3 Nh5
16.Bxh5 gxh5 17.Rd1 f5 18.Qxd6 Qxd6 19.Rxd6 fxe4 20.Nc5 Nf5 21.Rd1 Nd4 22.N5xe4 Ne2+
23.Kf1 Nxc1 24.Rdxc1 Rxa3 25.Nd5 Kh8 26.Nd6 Ra2 27.f3 h4 28.h3 Rd2 29.Rd1 Rd4
30.Rxd4 exd4 31.Ne7 Ba4 32.Rxb7 d3 33.Rb8 Bh6 34.Nf7+ Kg7 35.Nf5+ Kf6 36.Rb6+ Kxf5
37.Nxh6+ Kf4 38.Rd6 Ke3 39.Ke1 Bc2 40.Ng4+ Kf4 41.Kd2 Kg3 42.Ne3 Ra8 43.Rd7 Ra2
44.Rg7+ Kf2 45.Nxc2 dxc2 46.Rg4 h5 47.Rxh4 Kxg2 48.Rxh5 Kxf3 49.c5 Ke4 50.c6 Ra7
51.Rc5 Kd4 52.Rxc2  1-0

[Event "AUT-chT9596"]
[Site "Vorarlberg"]
[Date "1995.??.??"]
[Round "7"]
[White "Lochner, Herbert"]
[Black "Zech, Otto"]
[Result "1-0"]
[WhiteElo "1840"]
[BlackElo "1665"]

1.Nf3 Nf6 2.c4 g6 3.Nc3 Bg7 4.e4 d6 5.d4 O-O 6.Be2 e5 7.O-O Nc6 8.d5 Ne7
9.Ne1 a5 10.Nd3 Nd7 11.Bd2 c6 12.a3 f5 13.f3 f4 14.b4 Nf6 15.Qb3 Kh8 16.g4 g5
17.Kg2 Ng6 18.Be1 h5 19.h3 axb4 20.Nxb4 hxg4 21.hxg4 c5 22.Nd3 Nh4+ 23.Bxh4 gxh4
24.Rh1 Nh7 25.Nf2 Bf6 26.Nb5 Kg7 27.Rab1 Be7 28.Qb2 Rb8 29.Nd3 Rf6 30.Rxh4 Rg6
31.Rh2 Qf8 32.Nxc5 Ng5 33.Nd3 Bxg4 34.Nxe5 dxe5 35.Qxe5+ Bf6 36.Qc7+ Be7
37.Nd4 Bh3+ 38.Kf2 Kg8 39.Ke1 Rg7 40.Qb6 Bc5 41.Qb2 Bxa3 42.Qb3 Bc5 43.Qd3 Ra8
44.Ne6 Bxe6 45.dxe6 Rd8 46.Qc2 Nxe6 47.e5 Nd4 48.Qe4 Rg1+ 49.Bf1 Qg7 50.Rxb7 Qg3+
51.Rf2 Ne6 52.Qh7+  1-0

[Event "SLO-ch"]
[Site "Vrhnika"]
[Date "1995.??.??"]
[Round "?"]
[White "Bukic, Enver"]
[Black "Soln, Primoz"]
[Result "1-0"]
[WhiteElo "2445"]
[BlackElo "2280"]

1.d4 Nf6 2.c4 g6 3.Nc3 Bg7 4.e4 d6 5.Nf3 O-O 6.Be2 e5 7.O-O Nc6 8.d5 Ne7
9.Bg5 Nh5 10.Ne1 Nf4 11.Nd3 Nxe2+ 12.Qxe2 h6 13.Bd2 g5 14.f3 f5 15.b4 f4
16.Nf2 h5 17.h3 Rf6 18.c5 Bd7 19.a4 Rg6 20.Rfc1 a6 21.a5 Qe8 22.Rab1 Nc8
23.c6 bxc6 24.dxc6 Bxc6 25.b5 axb5 26.Nxb5 Bxb5 27.Rxb5 Ra7 28.Rb8 Kh7 29.Rcb1 Rf6
30.a6 Rf7 31.R1b7 c6 32.Qc4 Kg6 33.Rxf7 Rxf7 34.Qb3 Qd7 35.Rb7 Qe8 36.Rb8 Qd7
37.Rb7 Qe8 38.Ba5 Rd7 39.Rxd7 Qxd7 40.Qb7 Qe6 41.Qxc6 Qa2 42.Bd8  1-0

[Event "Wattens op"]
[Site "Wattens"]
[Date "1995.??.??"]
[Round "?"]
[White "Ritz, Thomas"]
[Black "Jedinger, Andreas"]
[Result "0-1"]
[WhiteElo "2040"]
[BlackElo "1895"]

1.d4 Nf6 2.c4 g6 3.Nc3 Bg7 4.e4 d6 5.Nf3 O-O 6.Be2 e5 7.O-O Nc6 8.d5 Ne7
9.Ne1 Nd7 10.Be3 f5 11.f3 f4 12.Bf2 g5 13.g4 fxg3 14.hxg3 Ng6 15.Nd3 h5 16.Be3 h4
17.g4 Nf4 18.b4 Rf7 19.Rc1 Nf8 20.Nxf4 exf4 21.Bd4 Ng6 22.c5 Bd7 23.Bc4 Be8
24.Ne2 Ne5 25.Bxe5 Bxe5 26.Qd3 Qf6 27.Bb5 Bxb5 28.Qxb5 b6 29.Qc6 Rb8 30.cxb6 cxb6
31.Rc4 Rbb7 32.Qc8+ Kh7 33.Rfc1 Qg7 34.b5 Kh6 35.Kg2 Rfe7 36.Kh3 Bb2 37.R1c2 Be5
38.Qa8 Rbc7 39.Rxc7 Rxc7 40.Rc6 Qf7 41.Nc1 Kh7 42.Qd8 Re7 43.Rc8 Qg7 44.Nd3 Rd7
45.Nxe5 Rxd8  0-1

[Event "NBG Open Weilburg"]
[Site "Weilburg"]
[Date "1995.??.??"]
[Round "7"]
[White "Schwarz, Peter"]
[Black "Golubev, Mihail"]
[Result "0-1"]
[WhiteElo "2310"]
[BlackElo "2525"]

1.d4 Nf6 2.c4 g6 3.Nc3 Bg7 4.e4 d6 5.Nf3 O-O 6.Be2 e5 7.O-O Nc6 8.d5 Ne7
9.Ne1 Nd7 10.Nd3 f5 11.Bd2 fxe4 12.Nxe4 Nf5 13.Nc1 Bh6 14.Bxh6 Nxh6 15.Bd3 Nf6
16.Ne2 Nxe4 17.Bxe4 Ng4 18.Qd3 Qh4 19.Qg3 Qh6 20.Rad1 Bd7 21.Nc3 Rf4 22.h3 Nf6
23.Rfe1 Rf8 24.f3 Kh8 25.Qf2 g5 26.Qxa7 Rh4 27.Qe3 Bxh3 28.g3 Rh5 29.Qd2 Nxe4  0-1

[Event "NBG Open Weilburg"]
[Site "Weilburg"]
[Date "1995.??.??"]
[Round "9"]
[White "Umanskaya, Irina"]
[Black "Kersten, Uwe"]
[Result "1-0"]
[WhiteElo "2300"]
[BlackElo "2320"]

1.Nf3 Nf6 2.c4 g6 3.Nc3 Bg7 4.e4 d6 5.d4 O-O 6.Be2 e5 7.O-O Nc6 8.d5 Ne7
9.Nd2 a5 10.Rb1 Nd7 11.a3 f5 12.b4 Kh8 13.Qc2 Ng8 14.f3 Ngf6 15.Bd3 axb4
16.axb4 f4 17.Be2 Ne8 18.Bb2 Rg8 19.Ra1 Rb8 20.Nb5 Ndf6 21.c5 Bf8 22.Na7 Bd7
23.c6 bxc6 24.Nxc6 Bxc6 25.Qxc6 h5 26.Qc3 g5 27.Nc4 Qe7 28.Na5 Qh7 29.Nc6 Rb6
30.Qd3 g4 31.Ra8 Bh6 32.Rfa1 gxf3 33.Bxf3 Ng4 34.Bc3 Qg7 35.R1a2 Bg5 36.Be1 Qf6
37.Rc8 Bh4 38.Qe2 Bxe1 39.Qxe1 Qg5 40.Raa8 Nef6 41.Ne7 Rxc8 42.Nxc8 Kh7 43.Nxb6 cxb6
44.h4 Qg6 45.Qc1 Nh6 46.Qc7+ Nf7 47.Ra7 Kg7 48.Qe7 Ng8 49.Qg5 Qxg5 50.hxg5 Kg6
51.Rb7 Nxg5 52.Rxb6 Nf6 53.Rxd6 Kf7 54.b5 Ngxe4 55.Bxe4 Nxe4 56.Rc6 Ke7 57.b6 Nd6
58.b7  1-0

[Event "Werfen op"]
[Site "Werfen"]
[Date "1995.??.??"]
[Round "1"]
[White "Herndl, Harald"]
[Black "Aktariew, A."]
[Result "1-0"]
[WhiteElo "2350"]
[BlackElo "1990"]

1.d4 Nf6 2.c4 g6 3.Nc3 Bg7 4.e4 d6 5.Nf3 O-O 6.Be2 e5 7.O-O Nc6 8.d5 Ne7
9.b4 Nd7 10.c5 f5 11.exf5 gxf5 12.Qb3 h6 13.c6 Nf6 14.cxb7 Bxb7 15.Rd1 Kh8
16.Bb2 Ng6 17.g3 Qd7 18.Bb5 Qf7 19.Qc4 e4 20.Ne1 Ne5 21.Qb3 Nfg4 22.Ne2 a6
23.Ba4 Nxh2 24.Nf4 Nhf3+ 25.Nxf3 Nxf3+ 26.Kg2 Rg8 27.Rh1 Kh7 28.Rh5 Ne5 29.Rah1 e3
30.f3 e2 31.Kf2 Bc8 32.Kxe2 Qe7 33.Kf2 Rb8 34.a3 Bf8 35.Qe3 Qf6 36.Bc3 Rb6
37.Bc2 Rg5 38.Ne6 Rxh5 39.Rxh5 Bxe6 40.dxe6 Ng6 41.Bxf6  1-0

[Event "Sonnevanck-A"]
[Site "Wijk aan Zee"]
[Date "1995.??.??"]
[Round "2"]
[White "Skembris, Spyridon"]
[Black "Kotronias, Vasilios"]
[Result "1/2-1/2"]
[WhiteElo "2525"]
[BlackElo "2570"]

1.d4 Nf6 2.c4 g6 3.Nc3 Bg7 4.e4 d6 5.Be2 O-O 6.Nf3 e5 7.O-O Nc6 8.d5 Ne7
9.b4 Nh5 10.c5 f5 11.Qb3 h6 12.a4 fxe4 13.Nxe4 Bf5 14.Bd3 g5 15.Nfd2 Nf4
16.cxd6 cxd6 17.Nc4 Nxd3 18.Qxd3 Ng6 19.f3 Rc8 20.Be3 Nf4 21.Qb3 Bxe4 22.fxe4 Qc7
23.Nd2 Qc2 24.Qxc2 Rxc2 25.Rf2 a6 26.b5 axb5 27.axb5 Rfc8 28.h3 R2c3 29.Nf1 Rb3
30.b6 Bf6 31.Ra7 Rb8 32.Rfa2 Kf7 33.Ra8 Ne2+ 34.Kf2 Rxa8 35.Rxa8 Nd4 36.Nd2 Rxb6
37.Nc4 Rb3 38.Nxd6+ Ke7 39.Bxd4 Kxd6 40.Be3 h5 41.Re8 Be7 42.Rg8 Rb2+  1/2-1/2

[Event "Sonnevanck-A"]
[Site "Wijk aan Zee"]
[Date "1995.??.??"]
[Round "6"]
[White "Peng, Zhaoqin"]
[Black "Kotronias, Vasilios"]
[Result "0-1"]
[WhiteElo "2370"]
[BlackElo "2570"]

1.d4 Nf6 2.c4 g6 3.Nc3 Bg7 4.e4 d6 5.Nf3 O-O 6.Be2 e5 7.O-O Nc6 8.d5 Ne7
9.Ne1 Ne8 10.Nd3 f5 11.f4 exf4 12.Nxf4 Bxc3 13.bxc3 fxe4 14.Ne6 Bxe6 15.Rxf8+ Kxf8
16.dxe6 Ng8 17.Qd5 Nef6 18.Qxb7 Qc8 19.Rb1 Ke7 20.c5 Qxb7 21.Rxb7 Kxe6 22.Rxc7 Rb8
23.Bf4 Rb2 24.Ba6 dxc5 25.Rxc5 Rb1+ 26.Kf2 Ne7 27.Re5+ Kd7 28.h3 Rb2+ 29.Kg1 Ned5
30.Bg3 Nxc3 31.Bc4 Nh5 32.Kh2 Nxg3 33.Kxg3 Kd6 34.Ra5 e3 35.Kf3 e2 36.Kf2 Rb1
37.Bxe2 Rb2 38.Rxa7 Rxe2+ 39.Kf3 Re7 40.Ra6+ Ke5 41.h4 Rf7+ 42.Kg3 Ne4+ 43.Kh3 Rf1
44.Kh2 Kf5 45.Ra4 Re1  0-1

[Event "Sonnevanck-A"]
[Site "Wijk aan Zee"]
[Date "1995.??.??"]
[Round "6"]
[White "Van den Doel, Erik"]
[Black "Reinderman, Dimitri"]
[Result "1/2-1/2"]
[WhiteElo "2305"]
[BlackElo "2440"]

1.e4 g6 2.d4 Bg7 3.c4 d6 4.Nc3 Nf6 5.Nf3 O-O 6.Be2 e5 7.O-O Nc6 8.d5 Ne7
9.Ne1 Nd7 10.Be3 f5 11.f3 f4 12.Bf2 g5 13.g4 fxg3 14.hxg3 Ng6 15.Kg2 Nf6
16.Rh1 h5 17.Be3 g4 18.Bg5 Qe8 19.Nd3 Nh7 20.Qd2 Nh8 21.Be3 Nf6 22.Nf2 Qg6
23.b4 Bd7 24.a4 a6 25.Rh4 Rf7 26.fxg4 Nxg4 27.Nxg4 hxg4 28.c5 Raf8 29.c6 bxc6
30.dxc6 Bxc6 31.Rxg4 Qe6 32.Qa2 Bd7 33.Qxe6 Bxe6 34.Rh4 Ng6 35.Rh2 Nf4+ 36.gxf4 exf4
37.Bh5 fxe3 38.Bxf7+ Rxf7 39.Rc1 Be5 40.Rh5 Rg7+ 41.Kf1 Rf7+ 42.Kg1 Bc4 43.Rxe5 dxe5
44.Re1 Rf3 45.Kg2 Rf2+ 46.Kg3 Rb2 47.b5 axb5 48.Nxb5 Bxb5 49.axb5 Rxb5 50.Rc1 c5
51.Kf3 Kf7 52.Kxe3 Ke6 53.Rh1 Rb3+ 54.Kd2 c4 55.Rh6+ Kd7 56.Ra6 Rd3+ 57.Ke2 Rd6
58.Ra5 Ke6 59.Rc5 Rd4 60.Ke3 Kd6 61.Rc8 Rd3+ 62.Ke2 Rd4 63.Ke3 Ke7 64.Rc6 Kf7
65.Kf3  1/2-1/2

[Event "Sonnevanck-A"]
[Site "Wijk aan Zee"]
[Date "1995.??.??"]
[Round "6"]
[White "Skembris, Spyridon"]
[Black "Rogers, Ian"]
[Result "1/2-1/2"]
[WhiteElo "2525"]
[BlackElo "2570"]

1.d4 Nf6 2.Nf3 g6 3.c4 Bg7 4.Nc3 O-O 5.e4 d6 6.Be2 e5 7.O-O Nc6 8.d5 Ne7
9.b4 Nh5 10.Qb3 Nf4 11.Bxf4 exf4 12.c5 h6 13.h4 g5 14.hxg5 hxg5 15.Nxg5 Ng6
16.Nf3 Bg4 17.Rac1 Bxf3 18.Bxf3 Be5 19.Rfd1 Kg7 20.Kf1 Rh8 21.Ke2 a5 22.cxd6 axb4
23.dxc7 Qxc7 24.Qxb4 Rhc8 25.Rd3 Bd6 26.Qd4+ Ne5 27.Bg4 Re8 28.a4 b6 29.Bf5 Bc5
30.Nb5 Qd8 31.Qa1 Qh4 32.Rf3 Rxa4 33.Qxa4 Nxf3 34.Rxc5 Ng1+ 35.Kd3 Qxf2 36.Qd4+ Qxd4+
37.Nxd4 bxc5 38.Nc6 f3 39.gxf3 Nxf3 40.d6 Nh4 41.d7 Rh8 42.Bh3 f5 43.exf5 Kf6
44.Kc4 Nxf5 45.Kxc5 Ne7 46.d8=Q Rxd8 47.Nxd8 Nf5 48.Kd5 Ne7+ 49.Ke4 Ng6 50.Nc6 Ne7
51.Nb4 Kg5 52.Nd3 Ng6 53.Bd7 Nf8 54.Bf5 Ng6 55.Nc5 Kf6  1/2-1/2

[Event "Hoogovens op"]
[Site "Wijk aan Zee"]
[Date "1995.??.??"]
[Round "10"]
[White "Van der Sterren, Paul"]
[Black "Delemarre, Jop"]
[Result "1-0"]
[WhiteElo "2560"]
[BlackElo "2235"]

1.Nf3 g6 2.d4 Bg7 3.c4 Nf6 4.Nc3 O-O 5.e4 d6 6.Be2 e5 7.O-O Nc6 8.d5 Ne7
9.Nd2 a5 10.a3 Nd7 11.Rb1 f5 12.b4 Kh8 13.f3 Ng8 14.Qc2 Ndf6 15.c5 axb4 16.axb4 Nh5
17.Nc4 Bh6 18.g3 Nhf6 19.exf5 Bxf5 20.Bd3 Bh3 21.Rf2 Bxc1 22.Rxc1 Ne7 23.Qd2 Bf5
24.Bf1 Bc8 25.f4 Ng4 26.Rf3 g5 27.Bg2 gxf4 28.gxf4 Ng6 29.fxe5 Rxf3 30.Bxf3 N6xe5
31.Nxe5 Nxe5 32.Bg2 Bf5 33.Ne2 Qh4 34.Qf4 Qxf4 35.Nxf4 Nd3 36.Nxd3 Bxd3 37.Re1 b6
38.cxd6 cxd6 39.Re6 Rd8 40.Kf2 Rd7 41.Re8+ Kg7 42.Ke3 Ba6 43.Rb8 Bb7 44.Kd4 Kf6
45.Bh3 Rc7 46.Re8 b5 47.Re6+ Kg5 48.Bf1 Rc1 49.Bd3 Bc8 50.Rxd6 Bf5 51.Bxf5 Kxf5
52.Rc6 Rd1+ 53.Kc5 Rd2 54.Rh6  1-0

[Event "Wrexham"]
[Site "Wrexham"]
[Date "1995.??.??"]
[Round "1"]
[White "Engqvist, Thomas"]
[Black "Howell, James C"]
[Result "0-1"]
[WhiteElo "2405"]
[BlackElo "2525"]

1.d4 Nf6 2.Nf3 g6 3.c4 Bg7 4.Nc3 O-O 5.e4 d6 6.Be2 e5 7.O-O Nc6 8.Be3 Ng4
9.Bg5 f6 10.Bh4 g5 11.Bg3 Nh6 12.dxe5 fxe5 13.h3 Nf7 14.Nh2 Nd4 15.Bg4 Nh8
16.Bxc8 Rxc8 17.Ng4 Ng6 18.Ne3 Nf4 19.Nb5 Nde2+ 20.Kh1 a6 21.Na3 Nd4 22.Nac2 Qe8
23.f3 c5 24.b3 b5 25.Nxd4 exd4 26.Nf5 Be5 27.Bh2 Qe6 28.g3 Nxh3 29.f4 Bg7
30.Qd3 g4 31.Kg2 Rb8 32.Rab1 Rfe8 33.Rfe1 Qd7 34.Kf1 Re6 35.Re2 Bh8 36.Rbe1 Qc6
37.Bg1 Rf8 38.Rb1 Qe8 39.Bh2 Qd7 40.Bg1 Qc6 41.a3 h5 42.b4 Rfe8 43.Rbe1 Kf8
44.Bf2 bxc4 45.Qxc4 Nxf2 46.Kxf2 Rxe4 47.Rxe4 Rxe4 48.Rxe4 Qxe4 49.Qf7+ Kxf7
50.Nxd6+ Ke6 51.Nxe4 cxb4 52.axb4 Kd5 53.Nc5 a5 54.Na6 a4 55.b5 a3 56.Ke2 Bf6
57.Kd3 h4 58.gxh4 g3 59.b6 Kc6 60.Nc5 g2 61.b7 Kc7 62.Nd7 Kxb7  0-1

[Event "Oberliga Wuert9596"]
[Site "Wuerttemberg"]
[Date "1995.??.??"]
[Round "?"]
[White "Sieglen, Joachim"]
[Black "Doerflinger, Josef"]
[Result "1-0"]
[WhiteElo "2380"]
[BlackElo "2295"]

1.Nf3 Nf6 2.c4 g6 3.Nc3 Bg7 4.e4 d6 5.d4 O-O 6.Be2 e5 7.O-O Nc6 8.d5 Ne7
9.b4 Nh5 10.g3 f5 11.Ng5 Nf6 12.f3 c6 13.Kg2 h6 14.Ne6 Bxe6 15.dxe6 Qc7 16.b5 Rfd8
17.Rb1 Qc8 18.Ba3 Qxe6 19.bxc6 bxc6 20.Rb7 Nc8 21.Qa4 Qe8 22.Rd1 Kh8 23.Qa6 Ng8
24.Rc7 c5 25.Rb1 Nb6 26.Bc1 Rdc8 27.Rxa7 Rxa7 28.Qxa7 Nd7 29.Qa6 Bf8 30.Rb7 Ngf6
31.Qb5 Nb8 32.Qxe8 Nxe8 33.Bd3 fxe4 34.Bxe4 g5 35.Nd5 Nc6 36.Nb6  1-0

[Event "Oberliga Wuert9596"]
[Site "Wuerttemberg"]
[Date "1995.??.??"]
[Round "?"]
[White "Lang, Marc"]
[Black "Sieglen, Joachim"]
[Result "0-1"]
[WhiteElo "2315"]
[BlackElo "2380"]

1.d4 Nf6 2.c4 g6 3.Nc3 Bg7 4.e4 d6 5.Be2 O-O 6.Nf3 e5 7.O-O Nc6 8.d5 Ne7
9.Ne1 Nd7 10.Be3 f5 11.f3 f4 12.Bf2 g5 13.a4 Ng6 14.a5 Rf7 15.Nb5 Nf6 16.Nxa7 g4
17.Nxc8 g3 18.hxg3 fxg3 19.Bxg3 Rxc8 20.Bf2 Nh5 21.f4 Nhxf4 22.Bg4 Ra8 23.Nf3 Bf6
24.Kh2 Qf8 25.Rh1 Rg7 26.g3 Ne7 27.Bd7 Rd8 28.Bh3 Nxh3 29.Kxh3 Qf7 30.Ra3 Qg6
31.Nd2 Bg5 32.Rf3 Bxd2 33.Qxd2 Qxe4 34.Kg2 Ng6 35.Qc3 Rf8  0-1

[Event "Oberliga Wuert9495"]
[Site "Wuerttemberg"]
[Date "1995.??.??"]
[Round "?"]
[White "Fochtler, Ekkehard"]
[Black "Matzdorf, Michael"]
[Result "0-1"]
[WhiteElo "2280"]
[BlackElo "2230"]

1.d4 Nf6 2.c4 g6 3.Nc3 Bg7 4.e4 O-O 5.Nf3 d6 6.Be2 e5 7.O-O Nc6 8.d5 Ne7
9.b4 a5 10.bxa5 Rxa5 11.a4 b6 12.Nd2 Nd7 13.Nb3 Ra8 14.a5 bxa5 15.Nxa5 Rb8
16.Be3 f5 17.f3 f4 18.Ba7 Ra8 19.Bf2 Nf6 20.c5 g5 21.Qd2 Rxa5 22.Rxa5 g4
23.Bh4 g3 24.h3 Ng6 25.Bg5 h6 26.Bxf6 Qxf6 27.Rb1 Nh4 28.Ra8 Bxh3 29.Rxf8+ Qxf8
30.Bf1 Qf7 31.Rb8+ Kh7 32.c6 Qh5 33.Rd8 Nxf3+ 34.gxf3 Bxf1 35.Nd1 g2 36.Nf2 Bf6
37.Rd7+ Kg6 38.Rxc7  0-1